| 000 | 00886cam a2200289 a 4500 | ||
|---|---|---|---|
| 008 | 120401s2007 sp 000 0 spa d | ||
| 020 | _a9788466765244 | ||
| 040 |
_aEG-GiCUC _bspa _cEG-GiCUC |
||
| 050 | 0 | 0 |
_aPQ6653.O47285 _bR67 2007 |
| 092 | 0 | 4 |
_a863.64 _bC747c _221 |
| 099 |
_a04 _a863.64 C747c |
||
| 100 | 1 |
_aConejo, Ana Isabel, _d1970- |
|
| 245 | 1 | 3 |
_aLa ciudad infinita / _cAna Alonso y Javier Pelegrín. |
| 250 | _a1{u00AA} ed. | ||
| 260 |
_aMadrid : _bAnaya, _c2007. |
||
| 300 |
_a526 p. ; _c21 cm. |
||
| 490 | 0 |
_aLa llave del tiempo ; _v3. |
|
| 600 | 1 | 0 |
_aConejo, Ana Isabel, _d1970- |
| 650 | 0 |
_aSpanish fiction _y21st century. |
|
| 700 | 1 |
_aPelegrín, Javier, _d1967- |
|
| 830 | 0 |
_aLa llave del tiempo ; _v3. |
|
| 902 | _a1 | ||
| 905 |
_aJamal _eCat. |
||
| 905 |
_aJihan _eRev. |
||
| 942 |
_2ddc _cBK |
||
| 999 |
_c124839 _d124839 |
||